000 00297nam a2200121Ia 4500
005 20260326235442.0
008 260326s9999||||xx |||||||||||||| ||und||
100 _aPhaidon
245 0 _aPhaidon Design classics - Vol. 2 /
_cPhaidon
260 _bPhaidon
650 _aDISEÑO INDUSTRIAL
942 _cBK
999 _c7453
_d7453